| 000 | 00930nac a22002897a 4500 | ||
|---|---|---|---|
| 001 | BR8404774 | ||
| 003 | BR-BrBNA | ||
| 005 | 20240105120208.0 | ||
| 008 | 230509b bl.|||m| |||| 00| 0 por d | ||
| 040 |
_aBR-BrBNA _bpor _cBiblioteca Nacional de Agricultura |
||
| 072 | _aB50; F70 | ||
| 090 | _aB50 BR8404774 | ||
| 100 | 1 | _aFerreira, H.M. | |
| 100 | 1 | _aLavor, J.C.N. de | |
| 100 | 1 | _aBarroso, M.A.L. | |
| 100 | 1 | _aAbreu, C.L.B. de (eds.) | |
| 110 | 1 |
_aInstituto Brasileiro de Desenvolvimento Florestal, Rio de Janeiro, RJ (Brasil) _95750 |
|
| 245 | 1 | _aBoletim do museu botanico kuhlmann. Janeiro/marco de 1984 | |
| 260 | 3 |
_aRio de Janeiro, RJ (Brasil): _c1984. |
|
| 300 | _a86 p. | ||
| 490 |
_aBoletim do Museu Botanico Kuhlmann (Brazil) _vv. 7(1) _x |
||
| 500 | _aSummary (En); 27 illus. | ||
| 650 | _aHISTORIA | ||
| 650 | _aBOTANICA | ||
| 909 |
_a202312 _bLúcia Elande _c55 _dLúcia Elande |
||
| 942 |
_2AGRIS _n0 _cMS |
||
| 999 |
_c278295 _d278295 |
||